00790nam a2200193 a 4500003000200000005001700002008004100019050003200060100003100092245010500123260009200228300004000320504004100360650004200401650003700443650004000480650003400520650004200554020250329095219.0050809s19uu xx 00 eng d aPGS LC 3745.S87b.B352 2005 aBautista, Ramon Alfredo C. aA survey of foreign lower school students migrating to the Philippines /cRamon Alfredo C. Bautista. aLas Piñas City, Philippines : bSouthville International School and Colleges,c2005. a24 pages :billustrations ;c28 cm. aIncludes bibliographical references. aEducation, ElementaryzPhilippines.  aForeign studentszPhilippines.  aMigration, InternalzPhilippines.  aAcculturationzPhilippines.  aCultural assimilationzPhilippines.